| 000 | 00314nam a2200109Ia 4500 | ||
|---|---|---|---|
| 008 | 230907s9999||||xx |||||||||||||| ||und|| | ||
| 082 |
_a621.32 _bWAL |
||
| 100 |
_aWalerczyk, Stan _9118036 |
||
| 245 |
_aLighting & controls: transitioning to the future / _cStan Walerczyk. |
||
| 260 | _c2019-09-27 | ||
| 942 |
_2ddc _cEB |
||
| 999 |
_c599645 _d599645 |
||